000 00304nam a22001337a 4500
008 180119b xxu||||| |||| 00| 0 eng d
020 _a9780976071303
041 _aeng
080 _a371
100 _a46
101 _aEDU
245 _aThe Little Blue Book of Big Ideas
_cLovely, S.L
942 _2udc
_cBK
999 _c40589
_d40589